<?xml version="1.0" encoding="UTF-8"?>
<record
    xmlns:xsi="http://www.w3.org/2001/XMLSchema-instance"
    xsi:schemaLocation="http://www.loc.gov/MARC21/slim http://www.loc.gov/standards/marcxml/schema/MARC21slim.xsd"
    xmlns="http://www.loc.gov/MARC21/slim">

  <leader>00663nab a2200205 uc4500</leader>
  <controlfield tag="001">638956</controlfield>
  <controlfield tag="005">20241025090628.0</controlfield>
  <controlfield tag="008">001129nuuuuuuuu                    spa  </controlfield>
  <datafield tag="035" ind1=" " ind2=" ">
    <subfield code="a">638956</subfield>
  </datafield>
  <datafield tag="035" ind1=" " ind2=" ">
    <subfield code="a">(OCoLC)819863003</subfield>
  </datafield>
  <datafield tag="040" ind1=" " ind2=" ">
    <subfield code="c">comduadb</subfield>
  </datafield>
  <datafield tag="041" ind1=" " ind2=" ">
    <subfield code="a">spa</subfield>
  </datafield>
  <datafield tag="100" ind1="1" ind2="0">
    <subfield code="a">Sanchez Morales, M. R.</subfield>
    <subfield code="4">aut</subfield>
    <subfield code="e">aut</subfield>
    <subfield code="9">332997</subfield>
  </datafield>
  <datafield tag="245" ind1="1" ind2="0">
    <subfield code="a">Etica cientifica, valores sociales y nueva genetica humana</subfield>
  </datafield>
  <datafield tag="650" ind1=" " ind2=" ">
    <subfield code="a">&#xC9;tica cient&#xED;fica</subfield>
    <subfield code="9">55632</subfield>
  </datafield>
  <datafield tag="650" ind1=" " ind2="7">
    <subfield code="a">Valores sociales</subfield>
    <subfield code="2">lemb</subfield>
    <subfield code="9">32136</subfield>
  </datafield>
  <datafield tag="650" ind1=" " ind2="7">
    <subfield code="a">Gen&#xE9;tica humana</subfield>
    <subfield code="2">dcs</subfield>
    <subfield code="9">4648</subfield>
  </datafield>
  <datafield tag="773" ind1="0" ind2=" ">
    <subfield code="t">Cuadernos de Realidades Sociales (Madrid)</subfield>
    <subfield code="g">No. 47-48, Ene. 1996, p. 133-145</subfield>
    <subfield code="w">104436</subfield>
    <subfield code="x">0302-7724</subfield>
    <subfield code="0">92897</subfield>
  </datafield>
  <datafield tag="942" ind1=" " ind2=" ">
    <subfield code="c">ARIMP</subfield>
  </datafield>
  <datafield tag="999" ind1=" " ind2=" ">
    <subfield code="c">170423</subfield>
    <subfield code="d">170423</subfield>
  </datafield>
</record>
